ՀՀ Գիտությունների ազգային ակադեմիայի հիմնարար գիտական գրադարան  =   Fundamental Scientific Library of NAS RA

Страда : (Record no. 312217)

MARC details
000 -LEADER
fixed length control field 00664nam a2200205 a 4500
001 - CONTROL NUMBER
control field 000896048
003 - CONTROL NUMBER IDENTIFIER
control field AM-YeHGA
005 - DATE AND TIME OF LATEST TRANSACTION
control field 20250617145440.0
008 - FIXED-LENGTH DATA ELEMENTS--GENERAL INFORMATION
fixed length control field 120604s1983 ||| r 000 0 rus d
040 ## - CATALOGING SOURCE
Original cataloging agency AM-YeHGA
041 0# - LANGUAGE CODE
Language code of text/sound track or separate title rus
090 ## - LOCALLY ASSIGNED LC-TYPE CALL NUMBER (OCLC); LOCAL CALL NUMBER (RLIN)
-- 313935
100 1# - MAIN ENTRY--PERSONAL NAME
Personal name Дедов, Петр Павлович
245 10 - TITLE STATEMENT
Title Страда :
Remainder of title Повесть. /
Statement of responsibility, etc. Петр Дедов.
260 ## - PUBLICATION, DISTRIBUTION, ETC.
Place of publication, distribution, etc. Новосибирск :
Name of publisher, distributor, etc. Зап.-Сиб. кн. изд-во,
Date of publication, distribution, etc. 1983.
300 ## - PHYSICAL DESCRIPTION
Extent 288 с. :
Other physical details [1] л. портр.
653 0# - INDEX TERM--UNCONTROLLED
Uncontrolled term Дети в деревне (х. л.)
653 0# - INDEX TERM--UNCONTROLLED
Uncontrolled term Колхозы и колхозники (х. л.)
653 0# - INDEX TERM--UNCONTROLLED
Uncontrolled term Сибирь (х. л.)
Holdings
Withdrawn status Lost status Damaged status Not for loan Collection Home library Current library Date acquired Total checkouts Full call number Barcode Date last seen Price effective from Koha item type Public note
        General Fundamental Scientific Library Fundamental Scientific Library 09/01/2017   PII/501830 FL0231864 09/01/2017 09/01/2017 Գրքեր / Books 30 Days Loan


ՀՀ ԳԱԱ հիմնարար գիտական գրադարան
ՀՀ,Երևան 0019
Մարշալ Բաղրամյան 24/6
հեռախոս:(374-10) 52-47-50
Հետադարձ կապ

All site content, except where otherwise noted, is licensed under a
Creative Commons License